LEADER 01191nam a2200265 i 4500 001 991000242619707536 005 20020509164103.0 008 000220s1979 it ||| | ita 035 $ab11330454-39ule_inst 035 $aPARLA204628$9ExL 040 $aDip.to Filosofia$bita 082 0 $a509 100 1 $aArrighi, Gino$077232 245 13$aLa scuola galileiana :$bprospettive di ricerca :$batti del Convegno di studio di Santa Margherita Ligure (26-28 ottobre 1978) /$c[relazioni di] G. Arrighi ... [et al.] ; interventi di E. Garin ... [et al.] 260 $aFirenze :$bLa nuova Italia,$c1979 300 $aX, 262 p. ;$c24 cm 490 0 $aPubblicazioni del Centro di studi del pensiero filosofico del Cinquecento e del Seicento in relazione ai problemi della scienza. Ser. 1, Studi 650 4$aGalilei, Galileo - Discepoli$xCongressi$y1978 700 1 $aGarin, Eugenio 907 $a.b11330454$b01-03-17$c01-07-02 912 $a991000242619707536 945 $aLE005IF XLII H 18$g1$iLE005IFA-16491$lle005$o-$pE0.00$q-$rl$s- $t0$u0$v0$w0$x0$y.i1150352x$z01-07-02 996 $aScuola galileiana$9194291 997 $aUNISALENTO 998 $ale005$b01-01-00$cm$da $e-$fita$git $h3$i1